| 000 | 00508nam a2200181Ia 4500 | ||
|---|---|---|---|
| 003 | OSt | ||
| 005 | 20200212114726.0 | ||
| 008 | 190216s9999||||xx |||||||||||||| ||und|| | ||
| 020 | _a9788182711716 | ||
| 040 | _coclc | ||
| 082 |
_a956.94001 _bGAR/Z |
||
| 100 |
_aGaraudy, Roger _91931 |
||
| 245 | 0 |
_aZionism / _cRoger Garaudy |
|
| 250 | _a3rd ed. | ||
| 260 |
_bIslamic Publishing House, _c2006. _aKozhikode: |
||
| 300 | _a192p | ||
| 942 |
_cBK _2ddc _h956.94001 _iGAR/Z _k956.94001 _mGAR/Z |
||
| 999 |
_c22984 _d22984 |
||